01214cam a2200277 i 4500001000400000003001000004005001700014008004100031020001800072040004800090041000800138082002300146100003200169245010300201264004800304264001200352300002200364336002700386337003300413338002800446500009800474501001400572505032200586653001500908653001300923278CO-MdFUSB20221001120027.0221001t1999 sp ||||| |||| 00| 0 spa d a84-8169-334-0 bspa.aCO-MdFUSBcCO-MdFUSBdCO-MdFUSBCerda aspa04aR 296.14 P9449 v201 aRuiz Morell, Olga I.eautor10aLas aguas amargas de la mujer : bLa ordalía de los celos en el rabinismo / c/ Olga Ruiz Morell 1aNavarra, España :bVerbo Divino, c[1999] 4c© 1999 a359 Páginasc;  2rdacontentatextobtxt 2rdamediaasin mediaciónbn 2rdacarrieravolumenbnc aEstudio lingüístico y literario del Tratado Sotah de Tosefta. Texto rabínico bilingüe aRústico aTexto y traducción: Misnah Sotah, Tosefta Sotah -- Estudio filológico: análisis lingüístico -- Ortografía, morfología, sintaxis -- Uso de las escrituras: terminología exegética, uso de las Escrituras en TosSot -- Estudio de la tradición. Fuentes y paralelos: Tosefta y: Misnah, Misdrasim, Talmudim aJudaísmo aTosefta